000 00735nam a2200289Ia 4500
001 84211
003 IT-RoPAU
008 130308s9999 xx 000 0 und d
040 _aIT-RoPAU
040 _cIT-RoPAU
041 _aITALIANO
100 _aRocha Glauber
100 _gCodice Aut. SPICS: 1973
245 _aUna estetica della fame
245 _bPoetiche delle Nouvelles Vagues 1
250 _a1a ed.
260 _aVENEZIA
260 _bMarsilio
260 _c1989 [1° Ed.:1989 - Ed.Ling.Originale:1965]
300 _a"6 p. (prefazione: no ; testo: 6 [pagine: 109-114])"
650 _aSAGGI SUL CINEMA
650 _eCodice materia Spics: 6811
942 _cBK
957 _71
999 _c55990
_d55990
999 _bSI
999 _g1